| 000 | 00452 a2200169 4500 | ||
|---|---|---|---|
| 003 | Nust | ||
| 005 | 20221017133857.0 | ||
| 040 | _cNust | ||
| 082 | _a616.8,HEN | ||
| 100 |
_aHennell ,Thomas _9100484 |
||
| 245 |
_a The witnesses / _cThomas Hennell |
||
| 260 |
_aLondon _bPeter |
||
| 300 | _a250:p | ||
| 505 | _aEnthusiasm (Page-3), Babel (Page-71), Put Back (Page-147), The Groves (Page-199). | ||
| 650 |
_a The witnesses _9100485 |
||
| 942 |
_2ddc _cBK |
||
| 999 |
_c183178 _d183178 |
||